| 000 | 00669nam a22002057a 4500 | ||
|---|---|---|---|
| 003 | OSt | ||
| 005 | 20251216075204.0 | ||
| 008 | 251216b |||||||| |||| 00| 0 eng d | ||
| 020 | _a 0553-374982 | ||
| 040 |
_aDWCL-Admin lib _cOC |
||
| 082 | _aCirc. 155.924 B812f 1996 | ||
| 100 | _aBradshaw, John | ||
| 245 |
_a Family secret : _bthe path to self acceptance and reunion / _cJohn Bradshaw |
||
| 260 |
_a New York : _bBantam Books, _cc1996. |
||
| 300 |
_axvii, 297 pages : _billustrations ; _c21cm. |
||
| 650 | _a1. Families - Psychological aspects. | ||
| 650 | _a2. Mental health. | ||
| 650 | _a3. Secrecy - Psychological aspects. | ||
| 942 |
_2ddc _cBK-CIRC _kCirc. _n0 |
||
| 999 |
_c7125 _d7125 |
||